ADITI AND THE THAME DRAGON (Record no. 6279)
[ view plain ]
| 000 -LEADER | |
|---|---|
| fixed length control field | 00460nam a22001217a 4500 |
| 082 ## - DEWEY DECIMAL CLASSIFICATION NUMBER | |
| Classification number | 823 |
| Item number | NAM/A |
| 100 ## - MAIN ENTRY--AUTHOR NAME | |
| Personal name | NAMJOSHI, SUNITHI |
| 245 ## - TITLE STATEMENT | |
| Title | ADITI AND THE THAME DRAGON |
| 260 ## - PUBLICATION, DISTRIBUTION, ETC. (IMPRINT) | |
| Place of publication | CHENNAI |
| Name of publisher | TULIKA PUBLISHERS |
| Year of publication | 2005 |
| 300 ## - PHYSICAL DESCRIPTION | |
| Number of Pages | 71 |
| 520 ## - SUMMARY, ETC. | |
| Summary, etc | The postal parrot brings a cryptic letter with a British stamp addressed to 'Aditi and Friends' — an urgent plea for help. The four friends rush to London, and find themselves on prime time news!<br/> |
| 942 ## - ADDED ENTRY ELEMENTS (KOHA) | |
| Koha item type | Books |
| Withdrawn status | Lost status | Collection code | Home library | Current library | Shelving location | Date acquired | Source of acquisition | Cost, normal purchase price | Full call number | Accession Number | Koha item type |
|---|---|---|---|---|---|---|---|---|---|---|---|
| Fiction | Main Library | Main Library | SHELF 15-K-CHILDREN'S STORYBOOKS | 10/10/2006 | Purchase | 80.00 | 823 NAM/A | 00490 | Books |